01195 2200349 4500001002100000005001500021035002000036007000300056008004100059020002200100082001700122084001900139100003100158245018100189250003100370300004700401650002000448700003500468700002800503700004200531700002900573264003700602336002100639337003000660338002300690040002200713090002200735850001200757504003200769999002200801990002200823INLIS00000000088952020240802104441 a0010-0824000083ta240802s2024 yoia g ind d a978-623-240-986-604223a532.0072 a532.0072 BUD a0 aBudi KristiawanePengarang10aAplikasi fluida nano al2o3/ air pada vertical helical micro fin tube /cBudi Kristiawan, Agung Tri Wijayanta, Syamsul Hadi, Hilbran Tama Dinda Effendi; penyunting, Budi Santoso aCetakan pertama, Juni 2024 avi, 82 halaman :bilustrasi, foto ;c25 cm 4aMekanika fluida0 aAgung Tri WijayantaePengarang0 aSyamsul HadiePengarang0 aHilbran Tama Dinda EffendiePengarang0 aBudi SantosoePenyunting31aSleman :bDiandra Kreatif,c2024 2rdacontentateks 2rdamediaatanpa perantara 2rdacarrieravolume aYOPDYOGbinderda aCB-D.11 2024-2519 aYOPDYOG aBibliografi : halaman 72-80 aCB-D.11/2024-2519 aCB-D.11/2024-2519